[Event "Novi Sad ol (Men)"]
[Site "Novi Sad"]
[Date "1990.??.??"]
[Round "12"]
[White "Gonzales, JA."]
[Black "Bareev, Evgeny"]
[Result "1-0"]
[WhiteElo "2275"]
[BlackElo "2590"]

1.c4 f5 2.Nc3 Nf6 3.g3 d6 4.Bg2 e5 5.d3 c6 6.Nf3 Be7 7.O-O O-O 8.b4 Kh8 9.Rb1 Qe8
10.b5 c5 11.Bg5 Nbd7 12.Nd2 Bd8 13.Bxf6 Rxf6 14.Nd5 Rh6 15.e3 Nb6 16.f4 g5
17.fxe5 Qxe5 18.Qe2 Bd7 19.Rf2 g4 20.Nf4 Rb8 21.Nf1 Bf6 22.Qd1 Bg7 23.a4 Be8
24.a5 Nc8 25.Rd2 Bf7 26.d4 cxd4 27.exd4 Qe8 28.Re2 Qd7 29.Qd3 Ne7 30.Ne3 Rf6
31.Rbe1 Qd8 32.Nxg4 fxg4 33.Rxe7 Qxa5 34.Bd5 Rf8 35.Bxb7 Qa2 36.Bd5 Bg6 37.Qe2 Qa5
38.Rxg7 Re8 39.Qxe8+  1-0

[Event "Rome op"]
[Site "Rome"]
[Date "1990.??.??"]
[Round "1"]
[White "Zhu Dinglong"]
[Black "Bareev, Evgeny"]
[Result "0-1"]
[WhiteElo "2310"]
[BlackElo "2590"]

1.e4 e6 2.d4 d5 3.Nc3 Nf6 4.Bg5 dxe4 5.Nxe4 Be7 6.Bxf6 gxf6 7.Nf3 f5 8.Ng3 Nd7
9.Bc4 c5 10.Qe2 Nb6 11.Bb5+ Kf8 12.dxc5 Nd5 13.O-O Qc7 14.Rad1 Qxc5 15.Rfe1 h5
16.Ne5 Bf6 17.Qc4 Qxc4 18.Bxc4 Nb6 19.Bb3 h4 20.Nf1 Kg7 21.f4 a5 22.Rd6 Be7
23.Red1 Bxd6 24.Rxd6 Ra6 25.a4 Kf6 26.Ne3 Ke7 27.Rd4 Bd7 28.N3c4 Rd8 29.Nd6 Be8  0-1

[Event "Rome op"]
[Site "Rome"]
[Date "1990.??.??"]
[Round "3"]
[White "Bronstein, David I"]
[Black "Bareev, Evgeny"]
[Result "0-1"]
[WhiteElo "2445"]
[BlackElo "2590"]

1.d4 e6 2.c4 Nf6 3.Nc3 Bb4 4.e3 O-O 5.Ne2 d5 6.a3 Be7 7.cxd5 exd5 8.g3 a5
9.Bg2 Na6 10.O-O c6 11.f3 c5 12.g4 h6 13.Bd2 Re8 14.Be1 Nc7 15.Bf2 b6 16.Re1 Ne6
17.Qd2 Bd6 18.Rad1 Bb7 19.Nb5 Bb8 20.a4 Bc6 21.Nec3 cxd4 22.Nxd4 Nxd4 23.exd4 Bd6
24.Bh4 Qc7 25.Bf1 Bf4 26.Qg2 Rxe1 27.Rxe1 Qd6 28.Bb5 Re8 29.Rxe8+ Nxe8 30.Bg3 Be3+
31.Bf2 Bc1 32.Bg3 Be3+ 33.Bf2 Bf4 34.Bg3 Bxb5 35.Nxb5 Be3+ 36.Bf2 Qb4 37.Bxe3 Qe1+
38.Qf1 Qxe3+ 39.Kg2 g5 40.Qf2 Qd3 41.h4 gxh4 42.Qxh4 Qc2+ 43.Kh3 Qxa4 44.Nc3 Qxd4
45.Qxh6 Qf6 46.Qxf6 Nxf6 47.g5 d4 48.Nb5 d3 49.Kg3 d2  0-1

[Event "Biel"]
[Site "Biel"]
[Date "1991.??.??"]
[Round "5"]
[White "Bareev, Evgeny"]
[Black "Christiansen, Larry Mark"]
[Result "0-1"]
[WhiteElo "2680"]
[BlackElo "2600"]

1.d4 d6 2.e4 Nf6 3.Nc3 g6 4.f4 Bg7 5.Nf3 Na6 6.Bc4 O-O 7.e5 Nh5 8.Be3 c5
9.O-O cxd4 10.Qxd4 Bf5 11.Rf2 Nc5 12.Rd1 Rc8 13.Ng5 Qe8 14.Bb5 Qd8 15.Be2 h6
16.Nf3 Bxc2 17.Rd2 Bf5 18.Nh4 Bd7 19.Rd1 Nf6 20.f5 dxe5 21.Qb4 a5 22.Qa3 Nce4
23.Nxe4 Nxe4 24.Rff1 g5 25.f6 exf6 26.Nf5 Qc7 27.Ne7+ Kh8 28.Nxc8 Rxc8 29.Qe7 Be6
30.Qxc7 Rxc7 31.Rd8+ Kh7 32.g4 f5 33.gxf5 Bxa2 34.f6 Nxf6 35.Bb5 Be6 36.Bb6 Rc8
37.Rxc8 Bxc8 38.Bxa5 Kg6 39.Bc4 Bh3 40.Re1 e4 41.Re3 Bd7 42.b4 Bf8 43.Re1 Bd6
44.Rd1 Bf4 45.Bb6 h5 46.Ra1 Ng4 47.Bd5 Bxh2+ 48.Kg2 Be5 49.Ra8 Nf6 50.Bxb7 h4
51.Be3 h3+ 52.Kh1 Bg4  0-1

[Event "Biel"]
[Site "Biel"]
[Date "1991.??.??"]
[Round "13"]
[White "Lautier, Joel"]
[Black "Bareev, Evgeny"]
[Result "1/2-1/2"]
[WhiteElo "2560"]
[BlackElo "2680"]

1.Nf3 f5 2.e4 fxe4 3.Ng5 d5 4.d3 Qd6 5.dxe4 h6 6.Qh5+ g6 7.Qh4 c6 8.Bd3 Bg7
9.Nf3 g5 10.Qh5+ Kf8 11.O-O Nd7 12.e5 Nxe5 13.Nxe5 Bxe5 14.f4 Bxf4 15.Bxf4 gxf4
16.Nc3 Nf6 17.Qh4 e5 18.Ne2 Bg4 19.Nxf4 exf4 20.h3 Kf7 21.hxg4 Qe5 22.Qh2 Qe3+
23.Kh1 Qg3 24.Rxf4 Qxh2+ 25.Kxh2 Kg7 26.Raf1 Rhf8 27.Kg3 Rae8 28.Kh4 Nd7
29.Rxf8 Nxf8 30.g5 hxg5+ 31.Kxg5 Ne6+ 32.Kg4 Nc5 33.Bf5 Ne4 34.Kf4 Nf6 35.g4 d4
36.Rf2 c5 37.Rh2 c4 38.Rd2 Rd8 39.g5 Nd5+ 40.Ke5 Ne3 41.Be6 d3 42.cxd3 cxd3
43.Ke4 Rd6 44.Kxe3 Rxe6+ 45.Kxd3 Rd6+ 46.Ke3 Rxd2 47.Kxd2 Kg6 48.Ke3  1/2-1/2

[Event "Paris Immopar rapid"]
[Site "Paris"]
[Date "1991.??.??"]
[Round "2"]
[White "Short, Nigel D"]
[Black "Bareev, Evgeny"]
[Result "1-0"]
[WhiteElo "2660"]
[BlackElo "2680"]

1.e4 e6 2.d4 d5 3.Nc3 Nf6 4.Bg5 dxe4 5.Nxe4 Be7 6.Bxf6 Bxf6 7.Nf3 O-O 8.c3 Nd7
9.Qc2 e5 10.O-O-O exd4 11.Nxd4 Qe7 12.h4 Nc5 13.Nxc5 Qxc5 14.Bd3 h6 15.Nb3 Qb6
16.Qe2 Rd8 17.Bc2 Be6 18.h5 c6 19.f4 Rxd1+ 20.Rxd1 Rd8 21.Rxd8+ Qxd8 22.Nc5 Bc8
23.g4 Kf8 24.Ne4 Be7 25.Bb3 Be6 26.Bxe6 fxe6 27.Kc2 b5 28.a3 Qd5 29.Nd2 Bd6
30.Qf2 a5 31.f5 Ke7 32.Qe2 a4 33.Qe4 Kf6 34.fxe6 Qxe4+ 35.Nxe4+ Kxe6 36.Kd3 Bc7
37.c4 bxc4+ 38.Kxc4 Ke5 39.Nc5 Bd6 40.Nxa4 Kf4 41.Nc5 Kxg4 42.a4 Kxh5 43.a5 Bb8
44.Nd7 Ba7 45.Ne5 g5 46.Nxc6 g4 47.Kd3 g3 48.Nxa7 g2 49.b4 g1=Q 50.Nc6 Qg6+
51.Kd4 Qxc6  1-0

[Event "Paris Immopar rapid"]
[Site "Paris"]
[Date "1991.??.??"]
[Round "2"]
[White "Bareev, Evgeny"]
[Black "Short, Nigel D"]
[Result "1/2-1/2"]
[WhiteElo "2680"]
[BlackElo "2660"]

1.d4 e6 2.e4 d5 3.exd5 exd5 4.Nf3 Bg4 5.h3 Bh5 6.Qe2+ Ne7 7.Nc3 Nc6 8.g4 Bg6
9.Bf4 h5 10.Rg1 hxg4 11.hxg4 Qd7 12.O-O-O f6 13.Na4 b6 14.Nc3 Kf7 15.Qa6 Bxc2
16.Re1 Ng6 17.Bg3 Nb4 18.Qb7 Bd6 19.Bb5 Qc8 20.Qxc8 Raxc8 21.a3 Bxg3 22.fxg3 Nd3+
23.Kxc2 Nxe1+ 24.Rxe1 Rh3 25.Rg1 c6 26.Bf1 Rhh8 27.b4 Nf8 28.Bg2 Ne6 29.Rf1 Ke7
30.Kd3 Kd7 31.Nh4 b5 32.a4 a6 33.a5 Rce8 34.Nf3 Re7 35.Re1 Rhe8 36.Re2 g5
37.Nd2 Rh8 38.Rf2 Rh6 39.Nd1 Nd8 40.Ne3 Re8 41.Nf5 Rh7 42.Nb3 Nb7 43.Re2 Rh2
44.Rxe8 Kxe8 45.Bf3 Kd7 46.Be2 Kc7 47.Ke3 Nd6 48.Nxd6 Kxd6 49.Nc5 Rh1 50.Nxa6 Rb1
51.Bd3 Rb2 52.Bf5 Ke7 53.Kd3 Kd6 54.Kc3 Rg2 55.Nc5 Rxg3+ 56.Kd2 Ra3 57.Kc2 Rf3
58.Kd2 Kc7 59.Ke2 Ra3 60.Kd2 Kb8 61.Kc2 Rf3 62.Nd7+  1/2-1/2

[Event "Tilburg"]
[Site "Tilburg"]
[Date "1991.??.??"]
[Round "8"]
[White "Bareev, Evgeny"]
[Black "Karpov, Anatoly"]
[Result "0-1"]
[WhiteElo "2680"]
[BlackElo "2730"]

1.d4 Nf6 2.c4 e6 3.Nf3 b6 4.g3 Ba6 5.Qa4 Bb7 6.Bg2 c5 7.dxc5 Bxc5 8.O-O O-O
9.Nc3 Be7 10.Bf4 Na6 11.Rfd1 Nc5 12.Qc2 Qc8 13.Rac1 Nce4 14.h3 Rd8 15.g4 d6
16.Qd3 Nxc3 17.Rxc3 e5 18.g5 Nh5 19.Bc1 e4 20.Qd4 exf3 21.Bxf3 Bxf3 22.Rxf3 Bf8
23.b3 Re8 24.Rd2 Qc6  0-1

[Event "EU-chT (Men)"]
[Site "Debrecen"]
[Date "1992.??.??"]
[Round "8"]
[White "Chernin, Alexander"]
[Black "Bareev, Evgeny"]
[Result "1/2-1/2"]
[WhiteElo "2620"]
[BlackElo "2635"]

1.d4 d5 2.c4 c6 3.Nf3 Nf6 4.cxd5 cxd5 5.Nc3 Nc6 6.Bf4 Bf5 7.e3 e6 8.Qb3 Bb4
9.Bb5 O-O 10.O-O Bxc3 11.Bxc6 Bxb2 12.Bxb7 Bxa1 13.Rxa1 a5  1/2-1/2

[Event "Moscow rapid"]
[Site "Moscow"]
[Date "1992.??.??"]
[Round "?"]
[White "Bareev, Evgeny"]
[Black "Glek, Igor V"]
[Result "1-0"]
[WhiteElo "2670"]
[BlackElo "2520"]

1.d4 Nf6 2.c4 g6 3.Nc3 Bg7 4.e4 d6 5.Be2 O-O 6.Bg5 Na6 7.h4 c6 8.h5 Qa5 9.Bd2 Qb6
10.hxg6 fxg6 11.Nf3 Ng4 12.c5 dxc5 13.Na4 Qc7 14.Qb3+ Kh8 15.Nh4 Bxd4 16.Nxg6+ Kg7
17.Nxf8 Kxf8 18.Rxh7 Bg7 19.Bxg4 Bxg4 20.Bh6 Qa5+ 21.Nc3  1-0

[Event "Oviedo rapid45"]
[Site "Oviedo"]
[Date "1992.??.??"]
[Round "2"]
[White "Britton, Richard"]
[Black "Bareev, Evgeny"]
[Result "0-1"]
[WhiteElo "2290"]
[BlackElo "2635"]

1.e4 e6 2.d3 d5 3.Nd2 Nf6 4.g3 dxe4 5.dxe4 b6 6.Bg2 Bb7 7.Ne2 h5 8.h3 Nbd7
9.O-O h4 10.g4 Nxg4 11.hxg4 h3 12.Bf3 Qh4 13.Kh2 Ne5 14.Ng3 O-O-O 15.Qe2 Kb8
16.Nc4 Nxf3+ 17.Qxf3 f5 18.gxf5 Qf6 19.Bf4 exf5 20.e5 Qh4 21.Qe3 Bc5 22.Qc1 Rd4
23.Bg5 Qg4 24.Ne3 Qxg5 25.Nexf5 Qf4 26.Ne3 Qxe5  0-1

[Event "Oviedo rapid45"]
[Site "Oviedo"]
[Date "1992.??.??"]
[Round "3"]
[White "Bareev, Evgeny"]
[Black "Arkell, Keith C"]
[Result "1-0"]
[WhiteElo "2635"]
[BlackElo "2460"]

1.d4 Nf6 2.c4 e6 3.Nf3 Bb4+ 4.Nbd2 b6 5.a3 Bxd2+ 6.Bxd2 Bb7 7.g3 d6 8.Bg2 Nbd7
9.O-O O-O 10.b4 Ne4 11.Be3 Rb8 12.Rc1 c5 13.Qd3 Qe7 14.Rfd1 Rfd8 15.d5 exd5
16.cxd5 Nef6 17.Nh4 Ne5 18.Qb1 Nfg4 19.Bf4 Ng6 20.Nxg6 hxg6 21.h3 Ne5 22.Rc3 g5
23.Bd2 Ba6 24.Re1 Nc4 25.Bc1 cxb4 26.axb4 b5 27.Qf5 Qf6 28.Qxf6 gxf6 29.h4 g4
30.Be3 Nxe3 31.Rxe3 Bb7 32.Rc1 Rbc8 33.Ra1 a6 34.Re7 Rb8 35.Rc1 Rbc8 36.Rd1  1-0

[Event "Paris Immopar rapid"]
[Site "Paris"]
[Date "1992.??.??"]
[Round "1"]
[White "Bareev, Evgeny"]
[Black "Karpov, Anatoly"]
[Result "1-0"]
[WhiteElo "2670"]
[BlackElo "2715"]

1.d4 Nf6 2.c4 e6 3.Nf3 b6 4.Bf4 Bb7 5.e3 Be7 6.Nc3 Nh5 7.Bg3 O-O 8.Qc2 d6
9.Be2 g6 10.O-O-O Nd7 11.d5 e5 12.Nd2 Ndf6 13.Kb1 a6 14.f3 Nxg3 15.hxg3 h5
16.e4 Bc8 17.Nf1 Re8 18.Ne3 Bf8 19.Qd3 Qe7 20.Rh2 Bd7 21.Rdh1 Bg7 22.Nc2 Bh6
23.Nb4 Rec8 24.Nc6 Qe8 25.g4 Bf4 26.Rh3 Kg7 27.Nd1 Bxc6 28.dxc6 hxg4 29.fxg4 Qxc6
30.Nc3 Rh8 31.a3 Qc5 32.Qf3 Nh7 33.Qf1 Ng5 34.Rxh8 Rxh8 35.Rxh8 Kxh8 36.g3 Bd2
37.Qf6+ Kh7 38.Nd5 c6 39.Nc7 d5 40.exd5 cxd5 41.Ne8 Qf8 42.Qxe5 dxc4 43.Kc2 c3
44.bxc3 Be1 45.Bxa6 Bf2 46.Nf6+ Kh6 47.Qxg5+ Kxg5 48.Nh7+ Kxg4 49.Nxf8 Kxg3
50.Bc4 f5 51.Nxg6 Bc5 52.a4 f4 53.Kd3 f3  1-0

[Event "Paris Immopar rapid"]
[Site "Paris"]
[Date "1992.??.??"]
[Round "1"]
[White "Bareev, Evgeny"]
[Black "Karpov, Anatoly"]
[Result "1-0"]
[WhiteElo "2670"]
[BlackElo "2715"]

1.d4 Nf6 2.c4 e6 3.Nf3 b6 4.Bf4 Bb7 5.e3 Be7 6.Nc3 Nh5 7.Bg3 O-O 8.Qc2 d6
9.Be2 g6 10.d5 e5 11.Nd2 Nxg3 12.hxg3 Nd7 13.O-O-O Kg7 14.g4 a6 15.g3 c6
16.Bf3 Rc8 17.dxc6 Bxc6 18.Bxc6 Rxc6 19.Qe4 Qc8 20.Kb1 Nf6 21.Qg2 Nxg4 22.Nd5 Bd8
23.Ne4 f5 24.Nec3 Rxc4 25.f3 Nf6 26.Nxf6 Bxf6 27.Rxd6 e4 28.Nd5 Rc6 29.Rxc6 Qxc6
30.fxe4 Qe6 31.exf5 Qxf5+ 32.e4 Qe5 33.a3 Re8 34.Rf1  1-0

[Event "Paris Immopar rapid"]
[Site "Paris"]
[Date "1992.??.??"]
[Round "2"]
[White "Bareev, Evgeny"]
[Black "Jussupow, Artur"]
[Result "1-0"]
[WhiteElo "2670"]
[BlackElo "2640"]

1.d4 d5 2.c4 c6 3.Nc3 Nf6 4.e3 g6 5.Nf3 Bg7 6.Be2 O-O 7.O-O Bg4 8.cxd5 Nxd5
9.h3 Bf5 10.Qb3 Nxc3 11.bxc3 b6 12.Ng5 h6 13.e4 Bc8 14.Nf3 Ba6 15.Bxa6 Nxa6
16.Be3 Nc7 17.Rad1 Qd6 18.c4 Rfd8 19.Rfe1 e6 20.a4 Rac8 21.c5 bxc5 22.dxc5 Qe7
23.Qb7 Nd5 24.Qxe7 Nxe7 25.Rd6 Kf8 26.Red1 Ke8 27.Bd2 Ng8 28.Ba5 Rxd6 29.cxd6 Kd7
30.Bc7 c5 31.Rc1 Kc6 32.e5 f6 33.Nd4+ Kd7 34.Nb3  1-0

[Event "Paris Immopar rapid"]
[Site "Paris"]
[Date "1992.??.??"]
[Round "2"]
[White "Jussupow, Artur"]
[Black "Bareev, Evgeny"]
[Result "0-1"]
[WhiteElo "2640"]
[BlackElo "2670"]

1.d4 d5 2.c4 c6 3.Nf3 Nf6 4.Nc3 dxc4 5.a4 Bf5 6.Ne5 e6 7.f3 Bb4 8.Bg5 h6
9.Bh4 c5 10.dxc5 Qxd1+ 11.Kxd1 Nbd7 12.Nxd7 O-O-O 13.e4 Rxd7+ 14.Kc2 Bh7
15.Bxc4 Bxc5 16.a5 g5 17.Bg3 Rhd8 18.Kb3 Nh5 19.Na4 Nxg3 20.hxg3 Bf8 21.Rhc1 Kb8
22.a6 Rc7 23.Nc3 Rd6 24.Ra4 Rb6+ 25.Ka2 bxa6 26.Bxa6 Rcc6 27.Rd1 Bd6 28.Bb5 Rc5
29.g4 f5 30.gxf5 exf5 31.Bc4 fxe4 32.fxe4 Be5 33.Rd8+ Rc8 34.Rxc8+ Kxc8 35.Bd5 Kb8
36.Rc4 Bd6 37.Ne2 Be5 38.b4 Bg6 39.Nc1 Rd6 40.Nb3 Be8 41.Na5 Bb5 42.Rc5 a6
43.Bc4 Bd4 44.Rf5 Bxc4+ 45.Nxc4 Re6 46.e5 Kc7 47.Kb3 Kc6 48.Kc2 Kb5 49.Kd3 Ba1
50.Nd6+ Kxb4 51.Ke4 a5 52.Kd5 Rxe5+ 53.Rxe5 Bxe5 54.Kxe5 a4 55.Nf5 a3 56.Nd4 a2  0-1

[Event "Groningen PCA"]
[Site "Groningen"]
[Date "1993.??.??"]
[Round "3"]
[White "Bareev, Evgeny"]
[Black "Shirov, Alexei"]
[Result "1/2-1/2"]
[WhiteElo "2660"]
[BlackElo "2685"]

1.d4 d5 2.c4 c6 3.Nf3 Nf6 4.Nc3 a6 5.a4 e6 6.g3 dxc4 7.Bg2 c5 8.dxc5 Qxd1+
9.Nxd1 Nc6 10.Ne3 Bxc5 11.Nxc4 Ke7 12.O-O Nd5 13.Nfe5 Nd4 14.Be3 Nxe3 15.fxe3 Nf5
16.b4 Ba7 17.Rad1 f6 18.Bxb7 Bxb7 19.Rd7+ Ke8 20.Rxb7 fxe5 21.g4 Nxe3 22.Nd6+ Kd8  1/2-1/2

[Event "Wch Team"]
[Site "Luzern"]
[Date "1993.??.??"]
[Round "6"]
[White "Bareev, Evgeny"]
[Black "Nenashev, Alexander"]
[Result "1-0"]
[WhiteElo "2660"]
[BlackElo "2580"]

1.d4 Nf6 2.c4 e6 3.Nc3 d5 4.cxd5 exd5 5.Bg5 Be7 6.e3 O-O 7.Bd3 Re8 8.Nge2 Nbd7
9.O-O Nf8 10.b4 a6 11.a4 Bxb4 12.Bxf6 gxf6 13.Qb3 Bxc3 14.Nxc3 c6 15.a5 Qd6
16.Na4 Ne6 17.Qc2 h6 18.f4 Ng7 19.Rf3 f5 20.Rb1 Re7 21.Nc5 Qf6 22.Bf1 Ne8
23.Nd3 Nd6 24.Ne5 Be6 25.Bd3 Kh8 26.Rh3 Rg8 27.Rf1 Rg7 28.Rff3 Re8 29.Rh5 Reg8
30.Bf1 Rh7 31.Rfh3 Qg7 32.Qf2 f6 33.Qh4 Bf7 34.Nxf7+ Qxf7 35.Rxh6 Rg7 36.Rxf6 Rxh4
37.Rxh4+ Kg8 38.Rxf7 Kxf7 39.Rh5 Ke6 40.Bd3  1-0

[Event "Moscow blitz"]
[Site "Moscow"]
[Date "1993.??.??"]
[Round "?"]
[White "Bareev, Evgeny"]
[Black "Bykhovsky, Avigdor"]
[Result "0-1"]
[WhiteElo "2670"]
[BlackElo "2520"]

1.d4 d6 2.e4 Nf6 3.Nc3 g6 4.Nf3 Bg7 5.Be2 O-O 6.O-O Bg4 7.Be3 c6 8.h3 Bxf3
9.Bxf3 Nbd7 10.a4 a5 11.Qc1 Qc7 12.Rd1 Rfe8 13.Be2 e5 14.dxe5 dxe5 15.Bg5 Nc5
16.Bxf6 Bxf6 17.Bc4 Rad8 18.Qe3 b6 19.Ne2 Kg7 20.b3 h6 21.g3 Bg5 22.Qf3 Ne6
23.h4 Bf6 24.Bxe6 Rxe6 25.Nc3 Red6 26.Rxd6 Rxd6 27.Rd1 Qd8 28.Rxd6 Qxd6 29.Qe3 Bd8
30.Kf1 f5 31.exf5 gxf5 32.Kg2 Qd4 33.Qxd4 exd4 34.Ne2 c5 35.Kh3 Kf6 36.f3 Ke5
37.Nf4 Bf6 38.Kg2 Kd6 39.Kf2 c4 40.bxc4 Kc5 41.Nh5 Be5 42.g4 fxg4 43.f4 Bh8
44.f5 Be5 45.f6 Kd6 46.Ng3 Bxg3+ 47.Kxg3 h5  0-1

[Event "Moscow blitz"]
[Site "Moscow"]
[Date "1993.??.??"]
[Round "?"]
[White "Bareev, Evgeny"]
[Black "Karpov, Anatoly"]
[Result "0-1"]
[WhiteElo "2670"]
[BlackElo "2725"]

1.d4 Nf6 2.c4 e6 3.Nf3 b6 4.Bf4 Bb7 5.e3 Be7 6.Nc3 Nh5 7.Bg3 O-O 8.Qc2 d6
9.d5 e5 10.Be2 g6 11.Nd2 Ng7 12.e4 Nd7 13.O-O Bg5 14.b4 h5 15.h3 Qf6 16.Nf3 Bf4
17.Bxf4 exf4 18.Qd2 g5 19.e5 Nxe5 20.Nxe5 Qxe5 21.Rae1 Qf6 22.h4 gxh4 23.Ne4 Qf5
24.Qd4 f6 25.Nd2 h3 26.gxh3 Qxh3 27.Qxf4 Rae8 28.Qg3 Qxg3+ 29.fxg3 Re5 30.Nf3 Re3
31.Bd1 Rfe8 32.Kf2 Rxe1 33.Nxe1 b5 34.cxb5 Bxd5 35.a4 Re4 36.Bf3 Re5 37.Nd3 Rf5
38.Nf4 Bc4 39.Re1 Kf7  0-1

[Event "Moscow blitz"]
[Site "Moscow"]
[Date "1993.??.??"]
[Round "?"]
[White "Tiviakov, Sergei"]
[Black "Bareev, Evgeny"]
[Result "1-0"]
[WhiteElo "2575"]
[BlackElo "2670"]

1.e4 e6 2.d4 d5 3.Nd2 c5 4.exd5 exd5 5.Ngf3 Nf6 6.Be2 cxd4 7.O-O Bd6 8.Nb3 O-O
9.Nbxd4 h6 10.Nb5 Bc5 11.Bf4 Nc6 12.c3 a6 13.Nbd4 Re8 14.Nb3 Bb6 15.Nfd4 Ne5
16.Bxe5 Rxe5 17.Bf3 Qd6 18.Re1 Rxe1+ 19.Qxe1 Bd7 20.Rd1 Re8 21.Qd2 Ne4 22.Qd3 Ng5
23.Nf5 Qe5 24.Nfd4 Ba4 25.Rf1 Bc7 26.g3 Nxf3+ 27.Nxf3 Qe2 28.Qxe2 Rxe2 29.Nbd2 d4
30.cxd4 Bb5 31.Re1 Rxe1+ 32.Nxe1 Ba5 33.Nef3 Bc6 34.Nb3 Bb6 35.Nfd2  1-0

[Event "Moscow blitz"]
[Site "Moscow"]
[Date "1993.??.??"]
[Round "?"]
[White "Timman, Jan H"]
[Black "Bareev, Evgeny"]
[Result "0-1"]
[WhiteElo "2635"]
[BlackElo "2670"]

1.e4 e6 2.d4 d5 3.Nc3 Nf6 4.e5 Nfd7 5.f4 c5 6.Nf3 a6 7.Be3 Qb6 8.Rb1 Nc6
9.Qd2 Qc7 10.Be2 Be7 11.O-O O-O 12.Nd1 cxd4 13.Nxd4 Nc5 14.Nf2 Bd7 15.c3 b5
16.Rbc1 Qb7 17.Bf3 Rac8 18.b3 a5 19.Rfd1 Nxd4 20.Bxd4 Ne4 21.Bxe4 dxe4 22.Qe3 Bc6
23.Ng4 a4 24.Re1 Kh8 25.Nf2 axb3 26.axb3 Rfd8 27.Nxe4 Bxe4 28.Qxe4 Qxe4 29.Rxe4 Ba3
30.Rb1 Bc5 31.Ra1 g6 32.Ra5 Bxd4+ 33.Rxd4 Rxd4 34.cxd4 Rd8  0-1

[Event "Moscow blitz"]
[Site "Moscow"]
[Date "1993.??.??"]
[Round "?"]
[White "Smyslov, Vassily"]
[Black "Bareev, Evgeny"]
[Result "0-1"]
[WhiteElo "2530"]
[BlackElo "2670"]

1.e4 e6 2.d4 d5 3.Nd2 c5 4.exd5 exd5 5.Bb5+ Bd7 6.Qe2+ Be7 7.Bxd7+ Nxd7 8.dxc5 Nxc5
9.Ngf3 Nf6 10.O-O O-O 11.Nb3 Re8 12.Be3 Nce4 13.h3 Qd7 14.Qd3 a5 15.Nbd4 a4
16.a3 Nd6 17.Rad1 Nc4 18.Bc1 Bc5 19.Nf5 Rad8 20.Ng5 Ne5 21.Qc3 Rc8 22.Nd4 h6
23.Ngf3 Bxd4 24.Qxd4 Nxf3+ 25.gxf3 Qxh3 26.c3 Rc4  0-1

[Event "Munich"]
[Site "Munich"]
[Date "1993.??.??"]
[Round "2"]
[White "Lobron, Eric"]
[Black "Bareev, Evgeny"]
[Result "0-1"]
[WhiteElo "2620"]
[BlackElo "2670"]

1.c4 e5 2.g3 Nf6 3.Bg2 d5 4.cxd5 Nxd5 5.Nc3 Nb6 6.Nf3 Nc6 7.O-O Be7 8.a3 O-O
9.b4 Be6 10.d3 f6 11.Bb2 a5 12.b5 Na7 13.Nd2 Rb8 14.Rb1 Qd7 15.a4 c6 16.bxc6 Nxc6
17.Nb5 Bb4 18.Bc3 Qe7 19.Kh1 Rfd8 20.Rc1 Ra8 21.Kg1 Bf7 22.Ne4 f5 23.Nd2 h6
24.Qc2 Bxc3 25.Nxc3 Nd4 26.Qb1 Qb4 27.Kh1 Nxa4 28.Nxa4 Qxa4 29.e3 Nb3 30.Nxb3 Qxb3
31.Qa1 Qxd3 32.Qxe5 Bd5 33.Qa1 a4 34.Rc7 Rd7 35.Rfc1 Rad8 36.h3 b5 37.Qe5 Bxg2+
38.Kxg2 Qe4+ 39.Qxe4 fxe4 40.R7c5  0-1

[Event "Munich"]
[Site "Munich"]
[Date "1993.??.??"]
[Round "9"]
[White "Jussupow, Artur"]
[Black "Bareev, Evgeny"]
[Result "0-1"]
[WhiteElo "2645"]
[BlackElo "2670"]

1.d4 f5 2.Nf3 Nf6 3.c4 g6 4.g3 Bg7 5.Bg2 O-O 6.O-O d6 7.Nc3 Qe8 8.d5 a5 9.Be3 h6
10.h4 Na6 11.Qd2 Kh7 12.Rae1 e5 13.dxe6 Bxe6 14.Nd4 Bxc4 15.Bxb7 Rb8 16.Bc6 Qc8
17.Bf3 Nb4 18.a3 Nbd5 19.Nxd5 Bxd5 20.Nc6 f4 21.Ne7 fxe3 22.Qxe3 Qb7 23.Nxd5 Nxd5
24.Qd3 c6 25.h5 Kh8 26.Qxg6 Rf6 27.Qd3 Nb6 28.b4 axb4 29.axb4 Nd7 30.Qc2 d5
31.Bg2 Ne5 32.b5 cxb5 33.Rd1 Rd8 34.Qb3 Rfd6 35.Qb4 Qb6 36.Rd2 Nc6 37.Qg4 b4
38.Rfd1 Ne5 39.Qh4 b3 40.Rxd5 b2 41.Rxd6 Rxd6 42.Rb1 Rf6 43.e3 Nf3+ 44.Bxf3 Rxf3
45.Qe4 Rf8 46.Qc2 Qf6 47.Kf1 Qe5 48.g4 Qxe3 49.Rxb2 Qh3+ 50.Ke1 Qxg4  0-1

[Event "Munich"]
[Site "Munich"]
[Date "1993.??.??"]
[Round "11"]
[White "Lautier, Joel"]
[Black "Bareev, Evgeny"]
[Result "0-1"]
[WhiteElo "2645"]
[BlackElo "2670"]

1.Nf3 f5 2.d4 Nf6 3.g3 g6 4.Bg2 Bg7 5.O-O O-O 6.b3 d6 7.Bb2 Ng4 8.Nbd2 Nc6
9.Nc4 d5 10.Ncd2 e5 11.h3 e4 12.hxg4 exf3 13.Nxf3 fxg4 14.Ne5 Nxe5 15.dxe5 c6
16.f4 gxf3 17.exf3 g5 18.Qd2 Be6 19.Rae1 Rf7 20.Ba3 h5 21.Qd3 h4 22.Qg6 Bf5
23.Qh5 hxg3 24.Bh3 Qe8 25.Kg2 Bxh3+ 26.Qxh3 Rf4 27.Qxg3 Qg6 28.Bc1 Rf5 29.Rf2 Re8
30.f4 Re6 31.Ref1 gxf4 32.Bxf4 Qe8 33.Qh3 Rh5 34.Qd3 Rg6+ 35.Bg3 Rhg5 36.Rf3 Bxe5
37.Re1 Qb8 38.Ree3 Bxg3 39.Rxg3 Rxg3+ 40.Rxg3 Qxg3+ 41.Qxg3 Kf7 42.Kf3 Rxg3+
43.Kxg3 Kf6 44.Kf4 c5 45.Ke3 Ke5 46.Kd3 b5 47.Ke3 b4 48.Kd3 Kf4  0-1

[Event "Madrid"]
[Site "Madrid"]
[Date "1994.??.??"]
[Round "1"]
[White "Illescas Cordoba, Miguel"]
[Black "Bareev, Evgeny"]
[Result "1/2-1/2"]
[WhiteElo "2590"]
[BlackElo "2685"]

1.c4 Nf6 2.Nc3 e5 3.Nf3 Nc6 4.g3 Bc5 5.d3 O-O 6.Bg2 d6 7.O-O a5 8.Bg5 h6
9.Bxf6 Qxf6 10.Ne4 Qe7 11.Nxc5 dxc5 12.Nd2 Ra6 13.Ne4 f5 14.Nc3 f4 15.e3 g5
16.Qh5 Bf5 17.Be4 Kg7 18.Nd5 Qd7 19.Bxf5 Rxf5 20.exf4 exf4 21.Rae1 Ra8 22.Re4 fxg3
23.hxg3 Raf8 24.f4 R5f7 25.Rfe1 Nd4 26.Kg2 Qf5 27.g4 Qg6 28.Qxg6+ Kxg6 29.f5+ Kg7
30.Re7 c6 31.Nc7 h5 32.gxh5 Kh6 33.Rxf7 Rxf7 34.Ne6 Rxf5 35.Nxd4 cxd4 36.Re7 Kxh5
37.Kg3 b5 38.Rh7+ Kg6 39.Rc7 Rf6 40.cxb5 cxb5 41.Rc5 Rf5 42.Rc6+ Kh5 43.Rd6 Rc5
44.b4 Rc3 45.Rxd4 a4 46.Rd8 Ra3 47.Rd5 Rc3 48.Rd8 Ra3 49.Rd5 Rxa2 50.Rxb5 Ra3
51.Ra5  1/2-1/2

[Event "Madrid"]
[Site "Madrid"]
[Date "1994.??.??"]
[Round "4"]
[White "Bareev, Evgeny"]
[Black "San Segundo, Pablo"]
[Result "1/2-1/2"]
[WhiteElo "2685"]
[BlackElo "2470"]

1.d4 d5 2.c4 c6 3.Nf3 Nf6 4.Nc3 e6 5.Bg5 dxc4 6.e4 b5 7.e5 h6 8.Bh4 g5 9.Nxg5 hxg5
10.Bxg5 Nbd7 11.g3 Rg8 12.h4 Rxg5 13.hxg5 Nd5 14.g6 fxg6 15.Qg4 Qe7 16.Qxg6+ Qf7
17.Qxf7+ Kxf7 18.Bg2 Nxc3 19.bxc3 Rb8 20.f4 b4 21.Kd2 a5 22.Bxc6 Nb6 23.g4 Bb7
24.Bxb7 Rxb7 25.Rh7+ Bg7 26.f5 Nd5 27.f6 bxc3+ 28.Kc1 Nxf6 29.exf6 Kxf6 30.Kc2 Kg6
31.Rxg7+ Rxg7 32.Kxc3 Rf7 33.Re1 Rf2 34.a4 Ra2 35.Rxe6+ Kf7 36.Re1 Rxa4 37.d5 Ra3+
38.Kxc4 Ra4+ 39.Kc5 Rxg4 40.d6 Rg3 41.d7 Rd3 42.Kc6 Rc3+ 43.Kd6 Rd3+ 44.Kc7 Rc3+
45.Kd8 a4 46.Re7+  1/2-1/2

[Event "Moscow PCA-op rapid"]
[Site "Moscow"]
[Date "1994.??.??"]
[Round "2"]
[White "Budnikov, Alexandar"]
[Black "Bareev, Evgeny"]
[Result "0-1"]
[WhiteElo "2535"]
[BlackElo "2685"]

1.c4 f5 2.g3 Nf6 3.Bg2 g6 4.Nf3 Bg7 5.O-O O-O 6.Nc3 d6 7.d3 Nc6 8.Rb1 e5
9.Bg5 Ne7 10.Qd2 Be6 11.b4 Qd7 12.b5 Rab8 13.a4 Kh8 14.a5 c5 15.bxc6 Nxc6
16.Bxf6 Bxf6 17.Nd5 Bd8 18.Ra1 Qg7 19.a6 b5 20.Ng5 Bxg5 21.Qxg5 bxc4 22.dxc4 e4
23.Qd2 Rb2 24.Qd1 Nd4 25.e3 Bxd5 26.cxd5 Ne2+ 27.Kh1 Nc3 28.Qc1 Rfb8 29.Ra3 Nb1
30.Ra4 Nd2 31.Rd1 Nb3 32.Qc6 Nc5 33.Rc4 R2b6 34.Rxc5 dxc5 35.Qxc5 Rb1 36.Rf1 Qe5
37.Qxa7 Qxd5 38.Kg1 Qd6 39.h4 Qb6 40.Qf7 Qxa6 41.Rxb1 Rxb1+ 42.Kh2 Qd6 43.h5 Rb8
44.Bh3 Rf8 45.Qb7 gxh5 46.Qb2+ Qf6 47.Qb4 Kg7 48.Qc5 h4 49.Qc7+ Rf7 50.Qf4 hxg3+
51.Qxg3+ Kh8 52.Qb8+ Rf8 53.Qf4 Qg6 54.Qe5+ Qg7 55.Qf4 Rg8 56.Qg3 Qxg3+ 57.fxg3 Rf8
58.Bf1 Kg7  0-1

[Event "Moscow ol (Men)"]
[Site "Moscow"]
[Date "1994.??.??"]
[Round "3"]
[White "Kakageldyev, Amanmurad"]
[Black "Bareev, Evgeny"]
[Result "1/2-1/2"]
[WhiteElo "2450"]
[BlackElo "2675"]

1.d4 Nf6 2.c4 e6 3.Nc3 Bb4 4.Qc2 O-O 5.Nf3 c5 6.dxc5 Na6 7.g3 Nxc5 8.Bg2 Nce4
9.O-O Nxc3 10.bxc3 Be7 11.e4 d6 12.e5 dxe5 13.Nxe5 Qc7 14.Qe2 Nd7 15.Bf4 Nxe5
16.Bxe5 Bd6 17.Bxd6 Qxd6 18.Rfd1 Qc7 19.Rab1 Rb8 20.Qe3 b6 21.c5 Bd7  1/2-1/2

[Event "Moscow ol (Men)"]
[Site "Moscow"]
[Date "1994.??.??"]
[Round "8"]
[White "Sokolov, Ivan"]
[Black "Bareev, Evgeny"]
[Result "1/2-1/2"]
[WhiteElo "2625"]
[BlackElo "2675"]

1.d4 Nf6 2.Nf3 d5 3.c4 e6 4.Nc3 Bb4 5.Bg5 h6 6.Bxf6 Qxf6 7.e3 O-O 8.Rc1 dxc4
9.Bxc4 c5 10.dxc5 Bxc5 11.O-O Rd8 12.Ne4 Qe7 13.Qc2 Bb6 14.Rfd1 Nc6 15.a3 Bd7
16.b4 Be8 17.Ba2 Rxd1+ 18.Rxd1 Rd8 19.Rxd8 Qxd8 20.Bb1 Qc7 21.Nc5 Kf8 22.h4 a5
23.Qe4 axb4 24.axb4 Qd6 25.Nd3 Bc7 26.Bc2 b6 27.g3 Qd5 28.Qxd5 exd5 29.Nd4 Bd6
30.Nxc6 Bxc6 31.Kf1 Bb5 32.Ke1 Bxd3 33.Bxd3 Bxb4+ 34.Ke2 Ke7 35.Bb5 Kd6 36.Be8 f6
37.Kd3 Kc5 38.h5 b5 39.g4 Be1 40.f3 Bf2 41.Bd7 Bg3 42.Be8 Bc7  1/2-1/2

[Event "Moscow ol (Men)"]
[Site "Moscow"]
[Date "1994.??.??"]
[Round "12"]
[White "Bareev, Evgeny"]
[Black "Rublevsky, Sergei"]
[Result "1/2-1/2"]
[WhiteElo "2675"]
[BlackElo "2565"]

1.d4 d5 2.Nf3 Nf6 3.c4 dxc4 4.e3 e6 5.Bxc4 c5 6.O-O a6 7.Bd3 Nbd7 8.Qe2 b6
9.Nc3 Bb7 10.Rd1 Qb8 11.Bc2 Bd6 12.dxc5 Bxc5 13.b3 Ne5 14.Bb2 Nxf3+ 15.gxf3 Qe5
16.f4  1/2-1/2